[Event "Mittelfranken-chTB2b 1819"]
[Site "Mittelfranken"]
[Date "2019.03.03"]
[Round "6.7"]
[White "Grueninger, Maxim"]
[Black "Stolpynskyy, Mark"]
[Result "0-1"]
[WhiteElo "1604"]
[BlackElo "1959"]
[PlyCount "92"]
[EventDate "2018.10.14"]
[EventType "team-tourn"]
[EventRounds "9"]
[EventCountry "GER"]
[SourceTitle "EXT 2022"]
[Source "ChessBase"]
[SourceDate "2021.10.06"]
[SourceVersion "1"]
[SourceVersionDate "2021.10.06"]
[SourceQuality "1"]
[WhiteTeam "Erlangen SC IV"]
[BlackTeam "Nuernberg Sued SW III"]
[WhiteTeamCountry "GER"]
[BlackTeamCountry "GER"]

1. e4 c6 2. d4 d5 3. Nc3 dxe4 4. Nxe4 Bf5 5. Ng3 Bg6 6. Nf3 Nd7 7. Nh4 e6 8. Nf3 Ngf6 9. Be2 Qc7 10. Be3 Be7 11. Qd2 Nd5 12. Bg5 Bd6 13. 0-0 h6 14. Be3 Nf4 15. Bxf4 Bxf4 16. Qc3 0-0 17. Rfe1 Rad8 18. Bc4 Bd6 19. Ne5 Nxe5 20. dxe5 Be7 21. Ne4 Qb6 22. a3 Rd4 23. Bd3 Rfd8 24. b4 R8d5 25. Nc5 Bxc5 26. Bxg6 fxg6 27. bxc5 Qxc5 28. Qxc5 Rxc5 29. Re2 Rc3 30. f3 Kf7 31. Kf2 Ra4 32. Rd2 Raxa3 33. Rd7+ Kg8 34. Rad1 Rxc2+ 35. Kg3 Rc5 36. Rxb7 Rd5 37. Rc1 c5 38. Rcb1 c4 39. Rb8+ Kh7 40. Rc8 Rb3 41. Ra1 a5 42. Rxc4 Rxe5 43. h4 Rb7 44. Rc6 Ra7 45. Rb1 g5 46. h5 g6 0-1

[Event "Bayernliga U20 1718"]
[Site "Bayern"]
[Date "2017.11.18"]
[Round "1.4"]
[White "Petrashov, Alexander"]
[Black "Grueninger, Maxim"]
[Result "1-0"]
[WhiteElo "2021"]
[BlackElo "1576"]
[PlyCount "51"]
[EventDate "2017.11.18"]
[EventType "team-tourn"]
[EventRounds "7"]
[EventCountry "GER"]
[SourceTitle "EXT 2022"]
[Source "ChessBase"]
[SourceDate "2021.10.06"]
[SourceVersion "1"]
[SourceVersionDate "2021.10.06"]
[SourceQuality "1"]
[WhiteTeam "Nuernberg Noris Tarrasch U20"]
[BlackTeam "Erlangen SC U20"]
[WhiteTeamCountry "GER"]
[BlackTeamCountry "GER"]

1. d4 d5 2. c4 dxc4 3. e3 e5 4. Nf3 Bg4 5. Bxc4 Qe7 6. dxe5 Nc6 7. Nc3 Nxe5 8. Nd5 Qd6 9. Be2 0-0-0 10. e4 Nf6 11. Bg5 Be7 12. Nxe5 Bxe2 13. Qxe2 Qxe5 14. Bf4 Bb4+ 15. Kf1 Qxe4 16. Qxe4 Nxe4 17. Nxb4 Rd4 18. Nc2 Rd7 19. g3 g5 20. Be3 g4 21. Ke2 Re8 22. Rad1 Rde7 23. h3 h5 24. hxg4 hxg4 25. Rh4 f5 26. Rd5 1-0

[Event "GER-chT U20"]
[Site "Borken"]
[Date "2016.12.29"]
[Round "5.6"]
[White "Grueninger, Maxim"]
[Black "Ignatov, Dmitriy"]
[Result "1-0"]
[WhiteElo "1583"]
[BlackElo "1786"]
[PlyCount "83"]
[EventDate "2016.12.27"]
[EventType "team-swiss"]
[EventRounds "7"]
[EventCountry "GER"]
[SourceTitle "EXT 2018"]
[Source "ChessBase"]
[SourceDate "2017.10.13"]
[SourceVersion "1"]
[SourceVersionDate "2017.10.13"]
[SourceQuality "1"]
[WhiteTeam "Erlangen"]
[BlackTeam "Heilbronn"]
[WhiteTeamCountry "GER"]
[BlackTeamCountry "GER"]

1. e4 c6 2. d4 d5 3. exd5 cxd5 4. Bd3 Nc6 5. c3 Nf6 6. Ne2 Bg4 7. f3 Bd7 8. Bf4 e6 9. Nd2 Be7 10. Ng3 0-0 11. 0-0 Qb6 12. Nb3 e5 13. Bg5 exd4 14. cxd4 h6 15. Bc1 a5 16. Ne2 a4 17. Nd2 Nxd4 18. Kh1 Bf5 19. Nb1 Bxd3 20. Qxd3 Ne6 21. Nbc3 Rfd8 22. Nf4 Nxf4 23. Bxf4 Bd6 24. Bxd6 Rxd6 25. Nb5 Rd7 26. Rad1 Ra5 27. Rc1 g6 28. Nd4 Qxb2 29. a3 Qb6 30. Qc3 Ra8 31. Rfd1 Rad8 32. Qe3 Kg7 33. Nf5+ gxf5 34. Qxb6 d4 35. Rc7 Rxc7 36. Qxc7 Rd7 37. Qc4 Rd8 38. h3 Kg6 39. Rxd4 Re8 40. Rd6 Kg7 41. Qd4 Re1+ 42. Kh2 1-0

[Event "GER-chT U14"]
[Site "Verden"]
[Date "2015.12.29"]
[Round "6.3"]
[White "De Rentiis, Davide Luca"]
[Black "Grueninger, Maxim"]
[Result "1-0"]
[WhiteElo "1287"]
[BlackElo "1425"]
[PlyCount "103"]
[EventDate "2015.12.27"]
[EventType "team-swiss"]
[EventRounds "7"]
[EventCountry "GER"]
[SourceTitle "EXT 2017"]
[Source "ChessBase"]
[SourceDate "2016.10.25"]
[SourceVersion "1"]
[SourceVersionDate "2016.10.25"]
[SourceQuality "1"]
[WhiteTeam "Bebenhausen"]
[BlackTeam "Erlangen"]
[WhiteTeamCountry "GER"]
[BlackTeamCountry "GER"]

1. e4 c5 2. d4 cxd4 3. c3 g6 4. Nf3 Bg7 5. cxd4 d5 6. e5 Bg4 7. Be3 Nh6 8. Bd3 0-0 9. h3 Bxf3 10. Qxf3 Nc6 11. Nd2 e6 12. Nb3 Qb6 13. 0-0 Rfd8 14. Qe2 a5 15. Bb5 Nf5 16. Bxc6 bxc6 17. Rfd1 Qc7 18. Rac1 Rdc8 19. Nc5 Bf8 20. Na4 Rab8 21. Nc3 Bg7 22. Rc2 c5 23. Na4 c4 24. Rdc1 Rb4 25. Nc5 Qc6 26. Nb3 Qb6 27. Na1 f6 28. b3 Qa6 29. bxc4 Rbxc4 30. Rxc4 Rxc4 31. Rxc4 dxc4 32. Nb3 fxe5 33. Nc5 Qd6 34. Qxc4 exd4 35. Bd2 Kf7 36. Ne4 Qd5 37. Qxd5 exd5 38. Ng5+ Kg8 39. Bxa5 Bh6 40. Nf3 Kf7 41. Kf1 Ke6 42. Ke2 Kd6 43. Kd3 Kc5 44. a4 Bg7 45. Bd8 Nd6 46. a5 Kc6 47. Nxd4+ Bxd4 48. Kxd4 Nb7 49. Bb6 Nd6 50. g4 Nf7 51. f4 Nd6 52. h4 1-0

[Event "GER-chT U14"]
[Site "Regensburg"]
[Date "2014.12.29"]
[Round "5.4"]
[White "Grueninger, Maxim"]
[Black "Loeffner, Miguel"]
[Result "1/2-1/2"]
[WhiteElo "1441"]
[BlackElo "1211"]
[PlyCount "45"]
[EventDate "2014.12.27"]
[EventType "team-swiss"]
[EventRounds "7"]
[EventCountry "GER"]
[SourceTitle "EXT 2016"]
[Source "ChessBase"]
[SourceDate "2015.10.08"]
[SourceVersion "1"]
[SourceVersionDate "2015.10.08"]
[SourceQuality "1"]
[WhiteTeam "Erlangen"]
[BlackTeam "Lambsheim"]
[WhiteTeamCountry "GER"]
[BlackTeamCountry "GER"]

1. e4 e5 2. Nf3 Nc6 3. d4 exd4 4. Nxd4 Bc5 5. Be3 Bb6 6. Nc3 Nf6 7. Bc4 d6 8. 0-0 0-0 9. Nxc6 bxc6 10. Qf3 Re8 11. Rae1 Rb8 12. Qg3 Bxe3 13. Qxe3 Rxb2 14. Bb3 Ba6 15. Qc1 Rxb3 16. cxb3 Bxf1 17. Kxf1 Qe7 18. Qd2 Kf8 19. h3 Qd7 20. Qe3 c5 21. Qf3 Qc6 22. Qd3 Qb7 23. Qf3 1/2-1/2

[Event "Nuremberg Zabo op 16th"]
[Site "Nuremberg"]
[Date "2014.09.20"]
[Round "2"]
[White "Meulner, Fabian"]
[Black "Grueninger, Maxim"]
[Result "1-0"]
[WhiteElo "1942"]
[BlackElo "1410"]
[PlyCount "49"]
[EventDate "2014.09.19"]
[EventType "swiss"]
[EventRounds "5"]
[EventCountry "GER"]
[SourceTitle "EXT 2018"]
[Source "ChessBase"]
[SourceDate "2017.10.13"]
[SourceVersion "1"]
[SourceVersionDate "2017.10.13"]
[SourceQuality "1"]

1. d4 d5 2. c4 dxc4 3. e4 e5 4. Nf3 Nc6 5. d5 Nce7 6. Nxe5 c6 7. Nc3 Nf6 8. dxc6 Qxd1+ 9. Kxd1 Nxc6 10. Nxc6 bxc6 11. Bxc4 Bb4 12. f3 Bd7 13. Be3 a5 14. Kc2 Be6 15. Bxe6 fxe6 16. Rhd1 Kf7 17. Na4 Rab8 18. Nb6 g6 19. Nc4 Rb5 20. Rd3 h5 21. a3 Be7 22. a4 Rb4 23. b3 Rhb8 24. Nxa5 c5 25. Nc6 1-0

[Event "GER-chT U14"]
[Site "Magdeburg"]
[Date "2013.12.27"]
[Round "1.3"]
[White "Grueninger, Maxim"]
[Black "Klingenberg, Florian"]
[Result "1-0"]
[WhiteElo "1477"]
[BlackElo "961"]
[PlyCount "117"]
[EventDate "2013.12.27"]
[EventType "team-swiss"]
[EventRounds "4"]
[EventCountry "GER"]
[SourceTitle "EXT 2015"]
[Source "ChessBase"]
[SourceDate "2014.11.20"]
[SourceVersion "1"]
[SourceVersionDate "2014.11.20"]
[SourceQuality "1"]
[WhiteTeam "Erlangen"]
[BlackTeam "Karlsruhe"]
[WhiteTeamCountry "GER"]
[BlackTeamCountry "GER"]

1. e4 c6 2. d4 d5 3. exd5 cxd5 4. Bf4 Nc6 5. Nf3 Nf6 6. Nc3 g6 7. Bb5 Bg7 8. 0-0 0-0 9. Qd2 a6 10. Ba4 b5 11. Bb3 Re8 12. Rfe1 Bg4 13. Ne5 Rc8 14. Re3 Bf5 15. Nf3 Ne4 16. Nxe4 Bxe4 17. Rd1 Bxf3 18. Rxf3 Nxd4 19. Rd3 Nxb3 20. Rxb3 e6 21. Bh6 Rc6 22. Rb1 Qe7 23. Rh3 Qf8 24. Bg5 Rec8 25. c3 h5 26. Qf4 Qd6 27. Qh4 b4 28. Be7 Qe5 29. Bxb4 Rc4 30. Qg3 Qxg3 31. Rxg3 d4 32. Rc1 dxc3 33. Bxc3 Bxc3 34. Rgxc3 Rxc3 35. Rxc3 Rxc3 36. bxc3 Kf8 37. f4 Ke7 38. Kf2 Kd6 39. Ke3 Kc5 40. Kd3 Kd5 41. c4+ Kc5 42. Kc3 f6 43. g3 e5 44. Kd3 e4+ 45. Kxe4 Kxc4 46. h4 Kb4 47. Kd5 Ka3 48. Ke6 Kxa2 49. Kxf6 a5 50. Kxg6 a4 51. f5 a3 52. f6 Kb2 53. f7 a2 54. f8Q a1Q 55. Qf6+ Ka2 56. Qxa1+ Kxa1 57. Kxh5 Ka2 58. g4 Kb2 59. g5 1-0

[Event "Landesliga U20 Nord 1314"]
[Site "Bayern"]
[Date "2013.11.30"]
[Round "2.3"]
[White "Baumgaertel, Laura Maria"]
[Black "Grueninger, Maxim"]
[Result "0-1"]
[WhiteElo "1341"]
[BlackElo "1587"]
[PlyCount "54"]
[EventDate "2013.11.16"]
[EventType "team-tourn"]
[EventRounds "7"]
[EventCountry "GER"]
[SourceTitle "EXT 2022"]
[Source "ChessBase"]
[SourceDate "2021.10.06"]
[SourceVersion "1"]
[SourceVersionDate "2021.10.06"]
[SourceQuality "1"]
[WhiteTeam "Schwandorf U20"]
[BlackTeam "Erlangen SC U20 II"]
[WhiteTeamCountry "GER"]
[BlackTeamCountry "GER"]

1. e4 e5 2. Nf3 Nc6 3. Bc4 Bc5 4. 0-0 Nf6 5. d3 d6 6. Be3 Bb6 7. Nbd2 Bg4 8. c3 h6 9. Qc2 0-0 10. d4 Re8 11. d5 Na5 12. Bb3 Nxb3 13. axb3 Qd7 14. Rfe1 c6 15. Bxb6 axb6 16. c4 Rac8 17. Qd3 Nh5 18. Qe3 Nf4 19. Qxb6 Bh3 20. g3 c5 21. Nh4 Qg4 22. Nf5 Bg2 23. Nxd6 Qh3 24. gxf4 Qg4 25. Nf1 Bf3+ 26. Ng3 Qh3 27. Ngf5 Qg2# 0-1

[Event "Landesliga U20 Nord 1314"]
[Site "Bayern"]
[Date "2013.11.30"]
[Round "3.3"]
[White "Grueninger, Maxim"]
[Black "Schilay, Lorenz"]
[Result "0-1"]
[WhiteElo "1587"]
[BlackElo "1806"]
[PlyCount "50"]
[EventDate "2013.11.16"]
[EventType "team-tourn"]
[EventRounds "7"]
[EventCountry "GER"]
[SourceTitle "EXT 2022"]
[Source "ChessBase"]
[SourceDate "2021.10.06"]
[SourceVersion "1"]
[SourceVersionDate "2021.10.06"]
[SourceQuality "1"]
[WhiteTeam "Erlangen SC U20 II"]
[BlackTeam "Neumarkt U20"]
[WhiteTeamCountry "GER"]
[BlackTeamCountry "GER"]

1. e4 e5 2. Nf3 Nc6 3. d4 exd4 4. Nxd4 Qh4 5. Nc3 Bb4 6. Be2 Qxe4 7. 0-0 Qxd4 8. Nd5 Qxd1 9. Rxd1 Ba5 10. Bd2 Bb6 11. Re1 Nge7 12. Bb5 Kd8 13. Nxe7 Nxe7 14. Bb4 d6 15. Re2 Bd7 16. Bc4 Be6 17. Bb5 c6 18. Ba4 Kd7 19. Rd1 Bc7 20. Rde1 Nd5 21. Ba3 Nf6 22. Bb3 Bxb3 23. Re7+ Kd8 24. axb3 Re8 25. Rxe8+ Nxe8 0-1

[Event "GER-ch U25 op-B"]
[Site "Oberhof"]
[Date "2013.05.24"]
[Round "8"]
[White "Grueninger, Maxim"]
[Black "Schier, Lukas"]
[Result "1-0"]
[WhiteElo "1445"]
[BlackElo "1327"]
[PlyCount "80"]
[EventDate "2013.05.19"]
[EventType "swiss"]
[EventRounds "9"]
[EventCountry "GER"]
[SourceTitle "CBM 154 Extra"]
[Source "ChessBase"]
[SourceDate "2013.06.25"]
[SourceVersion "2"]
[SourceVersionDate "2013.06.25"]
[SourceQuality "1"]

1. e4 e5 2. Nf3 Nc6 3. d4 exd4 4. Nxd4 Bc5 5. Be3 Qf6 6. Nb5 Bxe3 7. fxe3 Qh4+ 8. g3 Qd8 9. Qg4 g5 10. Bc4 Ne5 11. Qe2 c6 12. Nd6+ Kf8 13. 0-0 f6 14. Nd2 Qc7 15. Nf5 d6 16. Bxg8 Kxg8 17. Nc4 Bxf5 18. Rxf5 Kg7 19. Nxe5 dxe5 20. h4 h6 21. Raf1 Rhf8 22. Qg4 Qd6 23. R5f2 Rad8 24. Qf5 Qd7 25. hxg5 Qxf5 26. gxh6+ Kxh6 27. Rxf5 Kg6 28. g4 Rd6 29. g5 Kg7 30. Kg2 Re6 31. Kg3 Kg6 32. b4 Kf7 33. Rxf6+ Rxf6 34. Rxf6+ Kg7 35. Rxf8 Kxf8 36. Kg4 Kg7 37. Kf5 b5 38. Kxe5 Kf8 39. Kf6 a6 40. g6 Kg8 1-0

[Event "GER-ch U25 op-B"]
[Site "Oberhof"]
[Date "2013.05.22"]
[Round "6"]
[White "Grueninger, Maxim"]
[Black "Finkous, Robert"]
[Result "1-0"]
[WhiteElo "1445"]
[BlackElo "1481"]
[PlyCount "83"]
[EventDate "2013.05.19"]
[EventType "swiss"]
[EventRounds "9"]
[EventCountry "GER"]
[SourceTitle "CBM 154 Extra"]
[Source "ChessBase"]
[SourceDate "2013.06.25"]
[SourceVersion "2"]
[SourceVersionDate "2013.06.25"]
[SourceQuality "1"]

1. e4 e5 2. Nf3 Nc6 3. d4 exd4 4. Nxd4 Bc5 5. Be3 Qf6 6. Nb5 Bxe3 7. fxe3 Qd8 8. Qg4 g6 9. Qf4 d6 10. Bc4 Be6 11. Bxe6 fxe6 12. 0-0 Nge7 13. Qf7+ Kd7 14. Rf6 Qg8 15. Qxg8 Rhxg8 16. N1c3 Raf8 17. Raf1 Rxf6 18. Rxf6 Rg7 19. Nd4 Nd8 20. Rf8 Ndc6 21. Nce2 e5 22. Nf3 g5 23. Nc3 h6 24. a3 Ng6 25. Ra8 g4 26. Nd2 h5 27. b4 a6 28. Nd5 Nce7 29. Nf6+ Kc6 30. Nb3 Rf7 31. Nxh5 Kb6 32. c4 Nc6 33. Ng3 Nge7 34. Ne2 Na7 35. Nc3 Nec8 36. Nd5+ Kc6 37. Na5+ Kd7 38. Nxb7 c6 39. Nc3 Kc7 40. Na5 Kb6 41. Rb8+ Kc7 42. Rb7+ 1-0

[Event "GER-ch U25 op-B"]
[Site "Oberhof"]
[Date "2013.05.21"]
[Round "4"]
[White "Grueninger, Maxim"]
[Black "Wagner, Swenja"]
[Result "1-0"]
[WhiteElo "1445"]
[BlackElo "1248"]
[PlyCount "45"]
[EventDate "2013.05.19"]
[EventType "swiss"]
[EventRounds "9"]
[EventCountry "GER"]
[SourceTitle "CBM 154 Extra"]
[Source "ChessBase"]
[SourceDate "2013.06.25"]
[SourceVersion "2"]
[SourceVersionDate "2013.06.25"]
[SourceQuality "1"]

1. e4 e5 2. Nf3 Nc6 3. d4 exd4 4. Nxd4 Qh4 5. Nc3 Bb4 6. Be2 Nf6 7. 0-0 Nxe4 8. Nd5 Ba5 9. Nf5 Qd8 10. Nxg7+ Kf8 11. Bh6 Kg8 12. Qd3 Bd2 13. f4 Nf6 14. Qxd2 Nxd5 15. Qxd5 Qf6 16. Qg5 Qxg5 17. fxg5 Nd4 18. Bh5 Nxc2 19. Bxf7+ Kf8 20. Rac1 Ne3 21. Rf3 Ng4 22. Re1 Nxh6 23. gxh6 1-0

[Event "GER-ch U25 op-B"]
[Site "Oberhof"]
[Date "2013.05.21"]
[Round "5"]
[White "Walter, Daniel"]
[Black "Grueninger, Maxim"]
[Result "0-1"]
[WhiteElo "1338"]
[BlackElo "1445"]
[PlyCount "50"]
[EventDate "2013.05.19"]
[EventType "swiss"]
[EventRounds "9"]
[EventCountry "GER"]
[SourceTitle "CBM 154 Extra"]
[Source "ChessBase"]
[SourceDate "2013.06.25"]
[SourceVersion "2"]
[SourceVersionDate "2013.06.25"]
[SourceQuality "1"]

1. e4 e5 2. Bc4 Nc6 3. Nf3 Bc5 4. c3 Qe7 5. 0-0 d6 6. d4 Bb6 7. Ng5 Nh6 8. d5 Nd8 9. a4 a6 10. a5 Ba7 11. h3 f6 12. Nf3 f5 13. Bxh6 gxh6 14. Bd3 f4 15. Nh2 Rg8 16. Be2 Bxh3 17. Ng4 Bxg2 18. Kxg2 h5 19. Rg1 hxg4 20. Kf1 g3 21. fxg3 Bxg1 22. Kxg1 Rxg3+ 23. Kf1 Qh4 24. Bf3 Qh3+ 25. Kf2 Qh2+ 0-1

[Event "GER-ch U25 op-B"]
[Site "Oberhof"]
[Date "2013.05.19"]
[Round "2"]
[White "Grueninger, Maxim"]
[Black "Schluckner, Paul Leopold"]
[Result "1-0"]
[WhiteElo "1445"]
[BlackElo "1259"]
[PlyCount "61"]
[EventDate "2013.05.19"]
[EventType "swiss"]
[EventRounds "9"]
[EventCountry "GER"]
[SourceTitle "CBM 154 Extra"]
[Source "ChessBase"]
[SourceDate "2013.06.25"]
[SourceVersion "2"]
[SourceVersionDate "2013.06.25"]
[SourceQuality "1"]

1. e4 e5 2. Nf3 Nc6 3. d4 exd4 4. Nxd4 Bc5 5. Be3 Bb6 6. Nc3 Nf6 7. Nxc6 bxc6 8. Bxb6 cxb6 9. Bc4 0-0 10. Qf3 d6 11. 0-0 b5 12. Bb3 Re8 13. h3 Be6 14. Rad1 Bxb3 15. axb3 Qc7 16. Rfe1 Re6 17. b4 Rae8 18. Rd3 d5 19. Rd4 h6 20. Qf5 Qb6 21. Rd3 dxe4 22. Rde3 Re5 23. Qf4 Nd5 24. Nxd5 cxd5 25. Rg3 R5e6 26. Rd1 Rf6 27. Qd2 Rd8 28. Re1 Re8 29. Re2 Rd8 30. Qc3 Rc6 31. Qxg7# 1-0

[Event "GER-chT U12"]
[Site "Verden"]
[Date "2012.12.27"]
[Round "2.4"]
[White "Grueninger, Maxim"]
[Black "Wiedemann, Julia"]
[Result "1-0"]
[WhiteElo "1324"]
[BlackElo "1178"]
[PlyCount "39"]
[EventDate "2012.12.27"]
[EventType "team-swiss"]
[EventRounds "7"]
[EventCountry "GER"]
[SourceTitle "EXT 2014"]
[Source "ChessBase"]
[SourceDate "2013.11.20"]
[SourceVersion "1"]
[SourceVersionDate "2013.11.20"]
[SourceQuality "1"]
[WhiteTeam "Erlangen 48/88"]
[BlackTeam "Worms"]
[WhiteTeamCountry "GER"]
[BlackTeamCountry "GER"]

1. e4 d6 2. d4 Nf6 3. Nc3 c6 4. Nf3 Qa5 5. Bd2 Bg4 6. h3 Bxf3 7. Qxf3 e5 8. dxe5 dxe5 9. Bc4 Be7 10. 0-0 0-0 11. Rad1 Nbd7 12. Bg5 Rfe8 13. Rxd7 Nxd7 14. Qxf7+ Kh8 15. Bxe7 Qc7 16. Rd1 b5 17. Bf6 Rg8 18. Rxd7 Qc8 19. Bxg7+ Rxg7 20. Qxg7# 1-0